000 01002aam a2200313 i 4500
999 _c46329
_d46329
001 768714001
003 CO-MdFUSB
005 20240531062742.0
007 ta
008 160914t1940 enk||||f |||| 00| 0 eng d
020 _a9780281004522
040 _aCO-MdFUSB
_bEspañol
_cCO-MdFUSB
_dCO-MdFUSB
_erda
041 _aeng
082 0 4 _a24
_2 270.092
_bP936
100 _aPrestige, George-Leonard
_eautor
245 1 0 _aFathers and heretics :
_bSix studies in dogmatic faith with prologue and epilogue
_c/ George-Leonard Prestige
264 1 _aLondon :
_bSPCK,
_c[1940]
264 4 _c© 1940
300 _a432 páginas
_c; 23 cm
336 _2rdacontent
_atexto
_btxt
337 _2rdamedia
_asin mediación
_bn
338 _2rdacarrier
_avolumen
_bnc
505 _aLa base bíblica de la teología - Calixto - Orígenes - Atanasio - Apolinar - Nestorio - Cyril - Eros
563 _aPasta dura
650 7 _aCristianismo
_2
_922
942 _cBK
945 _aJTF-925